000 00311nam a22001337a 4500
008 170130b xxu||||| |||| 00| 0 eng d
020 _a9780761901839
041 _aeng
080 _a61
100 _a3
101 _aSHMI
245 _aPROMOTING HEALTH IN MULTICULTURAL POPULATIONS
_cHUFF, R.M
942 _2udc
_cBK
999 _c3965
_d3965